Educational and social uplift of bakward classes : (Record no. 123696)
[ view plain ]
| 000 -LEADER | |
|---|---|
| fixed length control field | 00903nam a22002537a 4500 |
| 005 - DATE AND TIME OF LATEST TRANSACTION | |
| control field | 20170124105929.0 |
| 010 ## - LIBRARY OF CONGRESS CONTROL NUMBER | |
| LC control number | A-709677 |
| 020 ## - INTERNATIONAL STANDARD BOOK NUMBER | |
| International Standard Book Number | 8170223393 |
| Terms of availability | 00.00 |
| 035 ## - SYSTEM CONTROL NUMBER | |
| System control number | A-709677 |
| 037 ## - SOURCE OF ACQUISITION | |
| Source of stock number/acquisition | Cen Lib/Ret |
| 040 ## - CATALOGING SOURCE | |
| Original cataloging agency | DPL |
| Language of cataloging | EN |
| 082 ## - DEWEY DECIMAL CLASSIFICATION NUMBER | |
| Classification number | 305.56 |
| Item number | AGR |
| 100 ## - MAIN ENTRY--PERSONAL NAME | |
| Personal name | Agrawal S. P. |
| 9 (RLIN) | 7718 |
| 245 ## - TITLE STATEMENT | |
| Title | Educational and social uplift of bakward classes : |
| Statement of responsibility, etc | by S.P. Agrawal [and] J.C. Agrawal |
| Remainder of title | at what cost and how? / |
| 260 ## - PUBLICATION, DISTRIBUTION, ETC. (IMPRINT) | |
| Place of publication, distribution, etc | New Delhi |
| Name of publisher, distributor, etc | Concept Publishing |
| Date of publication, distribution, etc | 1991 |
| 270 ## - ADDRESS | |
| Address | A/15-16, Commercial Block, Mohan Garden |
| City | New Delhi |
| Postal code | 110059 |
| 300 ## - PHYSICAL DESCRIPTION | |
| Extent | 288p. |
| Dimensions | 22cm(Hb) |
| 490 ## - SERIES STATEMENT | |
| Series statement | Concepts in communication information and librarianship ; 26 |
| 500 ## - GENERAL NOTE | |
| General note | Includes bibliographical references and index |
| 650 ## - SUBJECT ADDED ENTRY--TOPICAL TERM | |
| Topical term or geographic name as entry element | Historical survey-Backward classes |
| 9 (RLIN) | 7719 |
| 650 ## - SUBJECT ADDED ENTRY--TOPICAL TERM | |
| Topical term or geographic name as entry element | Government policy |
| 9 (RLIN) | 7720 |
| 700 ## - ADDED ENTRY--PERSONAL NAME | |
| Personal name | Agrawal, J.C. |
| 9 (RLIN) | 7721 |
| 942 ## - ADDED ENTRY ELEMENTS (KOHA) | |
| Source of classification or shelving scheme | Dewey Decimal Classification |
| Koha item type | English Books |
| Classification part | 305.56 |
| Call number suffix | AGR |
| Withdrawn status | Lost status | Damaged status | Not for loan | Home library | Current library | Date acquired | Source of acquisition | Cost, normal purchase price | Total Checkouts | Full call number | Barcode | Date last seen | Copy number | Cost, replacement price | Price effective from | Koha item type |
|---|---|---|---|---|---|---|---|---|---|---|---|---|---|---|---|---|
| Central Library | Central Library | 11/06/2015 | Cen Lib/Ret | 0.00 | 305.56 AGR | A-709677 | 11/06/2015 | 1 | 0.00 | 15/09/2016 | English Books |
